Panduan pengucapan awam

Bibliographic Details
Main Author: Abdul Mua'ti @Zamri Ahmad (Author)
Format: Book
Language:Malay
Published: Kuala Lumpur : Dewan Bahasa dan Pustaka 2000
Subjects:

MARC

LEADER 00000cam a2200000 7i4500
001 0000008401
005 20241003.0
008 011031 my may
020 |a 9836265082 
040 |a INS   |b eng   |e rda 
090 0 0 |a PN4129.M3   |b A25 2000 
100 0 |a Abdul Mua'ti @Zamri Ahmad ,   |e author 
245 1 0 |a Panduan pengucapan awam   |c Abdul Mua'ti @Zamri Ahmad 
264 1 |a Kuala Lumpur :   |b Dewan Bahasa dan Pustaka   |c 2000 
300 |a xviii, 123 pages ;   |c 22 cm. 
336 |a text  |2 rdacontent 
337 |a unmediated  |2 rdamedia 
338 |a volume  |2 rdacarrier 
504 |a Includes bibliographical references and index 
650 0 |a Public speaking   |x Handbooks, manuals, etc. 
999 |a 0000008028   |b BOOK   |c Open Shelf   |e Default branch 
999 |a 0000008082   |b BOOK   |c Open Shelf   |e Default branch